000 00284nam a22001337a 4500
008 171123b xxu||||| |||| 00| 0 eng d
020 _a070026548
041 _aeng
080 _a51
100 _a38
101 _aMAT
245 _aDIFFERENTIAL EQUATIONS
_cAYERS,F
942 _2udc
_cBK
999 _c38412
_d38412